000 00706nam a22002297a 4500
003 UA-OsUOA
001 37516
007 ta
008 20060328b un ||||| |||| 00| 0 ukr d
100 _aЧижевська М.Б.
700 _aКрамаренко Є.В.
090 _a330(477)
_bЧ-11
942 _cSA
040 _aUA-OsUOA
_bukr
_cUA-OsUOA
_dUA-OsUOA
245 _aВходження іноземного капіталу в банківський сектор України
300 _aС.8-11
955 _a0
041 _aukr
080 _a330(477)
773 0 _w37515
_tЕкономіка. Фінанси. Право.
_dК.
_d2006
_g2
650 7 _a330 Економіка взагалі
_2UDC
999 _c323708
_d323708